| 000 | 00914nam a2200301Ia 4500 | ||
|---|---|---|---|
| 003 | OSt | ||
| 005 | 20241217101135.0 | ||
| 008 | 210716s1997 xx 000 0 und d | ||
| 020 | _a0074630032 | ||
| 040 | _cAIMIT LIBRARY | ||
| 041 | _aeng | ||
| 082 |
_a005.7401 _bABBM |
||
| 100 |
_aAbbey, Michael. _9191274 |
||
| 245 |
_aOracle: a beginners guide. _bA beginners guide. |
||
| 250 | _a1 | ||
| 260 |
_aNew Delhi _bTata McGraw Hill Publishing Company Ltd _c1997 |
||
| 300 | _axxvi,522 | ||
| 650 |
_aDatabase objects _9191275 |
||
| 650 |
_aInstallation _9191286 |
||
| 650 |
_aOracle reports _9191287 |
||
| 650 |
_aOracle loader _9191288 |
||
| 650 |
_aDeveloper bells and whistles _9191289 |
||
| 650 |
_aAdvanced application tuning _9191290 |
||
| 650 |
_aBackup and recovery _9191291 |
||
| 650 |
_aDatabase tuning _9191292 |
||
| 700 |
_aCorey, Michael J. _9191276 |
||
| 942 |
_2ddc _cBK _e1st _k005.7401 ABBM |
||
| 999 |
_c183160 _d183160 |
||